[Event "IECC CL7-2000.02"]
[Site "IECC email"]
[Date "1999.11.03"]
[Round "?"]
[White "Rudnik, Miroslaw"]
[Black "Wylie, Richard"]
[Result "0-1"]
[WhiteElo "985"]
[BlackElo "1129"]
[PlyCount "32"]
[EventDate "2000.??.??"]
[EventType "tourn (corr)"]
[EventRounds "4"]
[SourceTitle "Corr 2008"]
[Source "ChessBase"]
[SourceDate "2008.06.24"]
[SourceVersion "1"]
[SourceVersionDate "2008.06.24"]
[SourceQuality "1"]

1. e4 e5 2. Nf3 Nf6 3. Nc3 d6 4. Bc4 h6 5. 0-0 c6 6. d4 b5 7. Bb3 Be7 8. dxe5 dxe5 9. Qxd8+ Bxd8 10. Nxe5 Be6 11. Bxe6 fxe6 12. Be3 Nfd7 13. Ng6 Rg8 14. Nf4 Kf7 15. Rad1 a5 16. Rd2 Be7 0-1

[Event "IECC CL7-2000.02"]
[Site "IECC email"]
[Date "1999.11.03"]
[Round "?"]
[White "Starling, Stephen"]
[Black "Rudnik, Miroslaw"]
[Result "1-0"]
[WhiteElo "1038"]
[BlackElo "975"]
[PlyCount "37"]
[EventDate "2000.??.??"]
[EventType "tourn (corr)"]
[EventRounds "4"]
[SourceTitle "Corr 2008"]
[Source "ChessBase"]
[SourceDate "2008.06.24"]
[SourceVersion "1"]
[SourceVersionDate "2008.06.24"]
[SourceQuality "1"]

1. e4 e5 2. Nf3 Nc6 3. Bc4 Bc5 4. b4 Bxb4 5. c3 Ba5 6. 0-0 Nf6 7. d4 d6 8. Ng5 0-0 9. Nxf7 Rxf7 10. Bxf7+ Kxf7 11. Bg5 Be6 12. d5 Bg4 13. Qd3 Ne7 14. f4 Bb6+ 15. Kh1 exf4 16. Rxf4 Ng6 17. Rf1 Ne5 18. Qg3 Be2 19. Rf4 1-0

[Event "IECC M email"]
[Site "IECC email"]
[Date "1998.06.09"]
[Round "?"]
[White "Moore, Fletcher"]
[Black "Rudnik, Miroslaw"]
[Result "1-0"]
[WhiteElo "999"]
[BlackElo "984"]
[PlyCount "27"]
[EventDate "1998.??.??"]
[EventType "tourn (corr)"]
[EventRounds "12"]
[SourceTitle "Corr 2008"]
[Source "ChessBase"]
[SourceDate "2008.06.24"]
[SourceVersion "1"]
[SourceVersionDate "2008.06.24"]
[SourceQuality "1"]

1. e4 c6 2. c3 d5 3. d3 dxe4 4. dxe4 Qxd1+ 5. Kxd1 Nf6 6. Nd2 Ng4 7. Ke1 e5 8. b4 Be7 9. Be2 0-0 10. h3 Nf6 11. Ngf3 b6 12. Nxe5 Be6 13. g4 c5 14. g5 1-0